000 01074nac a22003377a 4500
001 BR2010000651
003 BR-BrBNA
005 20240105123803.0
008 230509b bl.|||m| |||| 00| 0 por d
040 _aBR-BrBNA
_bpor
_cBiblioteca Nacional de Agricultura
072 _aP36; P30
090 _aP36 BR2010000651
100 1 _aCapeche, C.L.
100 1 _aMacedo, J.R. de
100 1 _aMelo, A. da S.
100 1 _aAraújo, F. de O.
110 1 _aEMBRAPA Solos, Rio de Janeiro, RJ (Brasil)
_93741
245 1 _a17. Reunião Brasileira de Manejo e Conservação do Solo e da Água
260 3 _aRio de Janeiro, RJ (Brasil):
_c2008.
300 _a35 p.
490 _aDocumentos - EMBRAPA Solos (Brazil)
_vno. 102
_xISSN 1517-2627
500 _a23 tables; 26 illus.; 11 ref.
650 _aSOLO
650 _aCONSERVAÇÃO DO SOLO
650 _aCONSERVAÇÃO DA ÁGUA
650 _aMANEJO DO SOLO
650 _aPROPRIEDADE FÍSICO-QUÍMICA
650 _aFERTILIDADE DO SOLO
909 _a202312
_bLúcia Elande
_c55
_dLúcia Elande
942 _2AGRIS
_n0
_cMS
999 _c296995
_d296995